00397nam a2200145Ia 4500008004100000082001200041082000800053245004400061245000900105260000900114300000900123942000800132999001900140952009200159231017s9999 xx 000 0 und d a628.049 bHIN 0aTransport and road research laboratory  0cTRRL bTRRL c30cm cREP c606481d606481 00104070aNITbNITd2023-10-17l0o628.049 HINpNIT-2249r2023-10-17w2023-10-17yREP